000 00528nam a22002297a 4500
003 UA-OsUOA
001 21791
007 ta
008 20031213b un ||||| |||| 00| 0 ukr d
090 _a004.43
_bЯ41
942 _cBK
040 _aUA-OsUOA
_brus
_cUA-OsUOA
_dUA-OsUOA
245 _aС++
_bЯзык программирования
300 _a315 с.
955 _a0
041 _arus
080 _a004.43
260 _aМосква
_bИ.В.К.-СОФТ
_c1991
044 _aRU
650 7 _2UDC
999 _c307998
_d307998